Statistics for Countries Containing an A, an E, and an I

Click here to take the quiz!

General Stats

  • This quiz has been taken 340 times
    (335 since last reset)
  • The average score is 22 of 44

Answer Stats

Country% Correct
United States
87%
United Kingdom
79%
Argentina
72%
United Arab Emirates
72%
Armenia
66%
Indonesia
66%
D.R. Congo
64%
Algeria
62%
Azerbaijan
62%
Dominican Republic
58%
Central African Republic
55%
Turkmenistan
54%
Uzbekistan
54%
Equatorial Guinea
53%
Ethiopia
53%
Guinea
52%
Ireland
51%
St. Vincent & Grenadines
51%
Bosnia & Herzegovina
50%
Papua New Guinea
50%
Estonia
49%
Iceland
49%
Guinea-Bissau
48%
Vietnam
48%
Saint Kitts and Nevis
47%
Eritrea
46%
FS of Micronesia
46%
Nigeria
44%
Ukraine
43%
Switzerland
42%
Slovenia
41%
Israel
40%
Mozambique
40%
Macedonia
39%
São Tomé & Príncipe
38%
Zimbabwe
38%
Liberia
36%
Serbia
35%
Georgia
32%
Sierra Leone
31%
Singapore
31%
Suriname
31%
East Timor
26%
Maldives
22%

Score Distribution

Percentile by Number Answered

Percent of People with Each Score

Your Score History

You have not taken this quiz since the last reset